[Event "Ciudad de Pamplona Op"]
[Site "Pamplona ESP"]
[Date "2006.12.27"]
[Round "7.3"]
[White "Oms Fuentes, Lluis"]
[Black "Burguete Archel, Eduardo"]
[Result "1-0"]
[WhiteElo "2281"]
[BlackElo "2121"]
[PlyCount "181"]
[EventDate "2006.12.22"]
[EventType "swiss"]
[EventRounds "9"]
[EventCountry "ESP"]
[Source ""]
[SourceDate "2006.12.22"]

1. e4 e5 2. Nf3 Nc6 3. Bc4 Nf6 4. d3 Be7 5. O-O O-O 6. Re1 d6 7. h3 Na5 8. Nc3
c6 9. Bg5 Qc7 10. a4 Nxc4 11. dxc4 Be6 12. Qd3 h6 13. Bh4 Nh5 14. Bxe7 Qxe7 15.
c5 Rfd8 16. cxd6 Rxd6 17. Qe3 Qf6 18. Ne2 Rad8 19. Qc3 Re8 20. g4 Nf4 21. Nxf4
Qxf4 22. Qxe5 Qxe5 23. Nxe5 Rd2 24. Rac1 Bb3 25. Nxc6 Bxa4 26. Nb4 a5 27. Ra1
Bxc2 28. Rxa5 Bb3 29. Rb5 Be6 30. Rxb7 Rxb2 31. Rb6 Rb3 32. Kg2 h5 33. f3 Ra8
34. gxh5 Kh7 35. Ra6 Rd8 36. Nc6 Rd6 37. Rc1 Rb5 38. Kg3 Rxh5 39. h4 Bc8 40.
Ra7 Rg6+ 41. Kf2 Be6 42. Nd8 Rf6 43. Nxe6 fxe6 44. Rg1 Rg6 45. Rxg6 Kxg6 46.
Kg3 Rb5 47. Kg4 Rb1 48. Kf4 Rh1 49. Ke5 Rxh4 50. f4 Rg4 51. Re7 Rh4 52. Rxe6+
Kf7 53. f5 Rh8 54. Rc6 Re8+ 55. Kf4 Re7 56. e5 Ra7 57. Kg5 Ra1 58. Rc7+ Kf8 59.
Rc4 Rf1 60. e6 Rf2 61. Rc8+ Ke7 62. Kg6 Rg2+ 63. Kh7 Rg5 64. Rc7+ Kd8 65. Rf7
Ke8 66. Kg8 Rg1 67. Rxg7 Rf1 68. Rg5 Ke7 69. Kg7 Rf2 70. Kg6 Rf1 71. Rg4 Rf2
72. Kg5 Rf1 73. Rh4 Rg1+ 74. Kf4 Rf1+ 75. Ke5 Re1+ 76. Kd5 Rd1+ 77. Rd4 Rf1 78.
Ke4 Re1+ 79. Kd3 Kf6 80. Rd5 Rc1 81. Kd4 Rc6 82. Ra5 Rc7 83. Kd5 Rc1 84. Kd6
Rd1+ 85. Rd5 Re1 86. Kd7 Ra1 87. Rc5 Rd1+ 88. Ke8 Rh1 89. e7 Rh8+ 90. Kd7 Kf7
91. Re5 1-0

[Event "Ciudad de Pamplona Op"]
[Site "Pamplona ESP"]
[Date "2006.12.27"]
[Round "7.4"]
[White "Ugalde Ezcurra, Jose Miguel"]
[Black "Arjol Etxeverria, David"]
[Result "1/2-1/2"]
[WhiteElo "2204"]
[BlackElo "2018"]
[PlyCount "43"]
[EventDate "2006.12.22"]
[EventType "swiss"]
[EventRounds "9"]
[EventCountry "ESP"]
[Source ""]
[SourceDate "2006.12.22"]

1. d4 f5 2. g3 Nf6 3. Bg2 d6 4. Nf3 c6 5. c4 Qc7 6. Nc3 e5 7. O-O Be7 8. dxe5
dxe5 9. e4 O-O 10. exf5 Bxf5 11. Ng5 Na6 12. Nge4 Rad8 13. Qe2 Nc5 14. Nxc5
Bxc5 15. Ne4 Nxe4 16. Bxe4 Bxe4 17. Qxe4 Bd4 18. Be3 Qf7 19. f4 Qc7 20. fxe5
Rxf1+ 21. Rxf1 Qxe5 22. Qxe5 1/2-1/2

[Event "Ciudad de Pamplona Op"]
[Site "Pamplona ESP"]
[Date "2006.12.27"]
[Round "7.5"]
[White "Ros Octavio de Toledo, Eduardo"]
[Black "Barrenechea Bahamonde, Gustavo"]
[Result "1/2-1/2"]
[WhiteElo "2170"]
[BlackElo "2183"]
[PlyCount "79"]
[EventDate "2006.12.22"]
[EventType "swiss"]
[EventRounds "9"]
[EventCountry "ESP"]
[Source ""]
[SourceDate "2006.12.22"]

1. Nf3 c5 2. c4 g6 3. e4 Nc6 4. d4 cxd4 5. Nxd4 Nf6 6. Nc3 Bg7 7. Be3 O-O 8.
Be2 d6 9. O-O Bd7 10. Qd2 Nxd4 11. Bxd4 Bc6 12. f3 a5 13. b3 Nd7 14. Be3 f5 15.
exf5 Rxf5 16. Rac1 Qf8 17. f4 Nc5 18. Bg4 a4 19. b4 Ne4 20. Nxe4 Bxe4 21. Bxf5
gxf5 22. Bd4 e5 23. Be3 Re8 24. c5 exf4 25. Bxf4 d5 26. b5 a3 27. c6 bxc6 28.
Rxc6 d4 29. Rc7 Qf6 30. Qa5 d3 31. Qa7 Qb2 32. Rxg7+ Qxg7 33. Qxg7+ Kxg7 34. b6
Bd5 35. Rd1 Be4 36. b7 Bxb7 37. Rxd3 Kf6 38. Rd6+ Re6 39. Rxe6+ Kxe6 40. Bc1
1/2-1/2

[Event "Ciudad de Pamplona Op"]
[Site "Pamplona ESP"]
[Date "2006.12.27"]
[Round "7.6"]
[White "Alcaide Luque, Aitor"]
[Black "Moreno Gracia, Daniel"]
[Result "1-0"]
[WhiteElo "2088"]
[BlackElo "2178"]
[PlyCount "89"]
[EventDate "2006.12.22"]
[EventType "swiss"]
[EventRounds "9"]
[EventCountry "ESP"]
[Source ""]
[SourceDate "2006.12.22"]

1. d4 g6 2. c4 Bg7 3. e4 d6 4. Nc3 Nf6 5. Nf3 O-O 6. h3 e5 7. d5 h6 8. Be3 Nbd7
9. Qc2 Nh5 10. Qd2 g5 11. O-O-O Nc5 12. g3 Qf6 13. Nh2 Qg6 14. Be2 a6 15. Bxh5
Qxh5 16. g4 Qg6 17. f3 b5 18. Nf1 bxc4 19. Bxc5 dxc5 20. Ng3 Bf6 21. Nf5 a5 22.
Qe3 a4 23. a3 Ra5 24. d6 cxd6 25. Rxd6 Be6 26. Nd5 Re8 27. h4 Bxd5 28. h5 Qh7
29. exd5 Bg7 30. Qe4 Rb5 31. Rh2 Reb8 32. Rc2 Bf8 33. Rd7 Qh8 34. d6 Qf6 35.
Qxc4 e4 36. Ne7+ Kh8 37. Nd5 Qxf3 38. Qc3+ Qxc3 39. Nxc3 R5b6 40. Nxe4 Re8 41.
Nc3 Re1+ 42. Kd2 Re6 43. Nd5 Rexd6 44. Rxd6 Bxd6 45. Nxb6 1-0

[Event "Ciudad de Pamplona Op"]
[Site "Pamplona ESP"]
[Date "2006.12.27"]
[Round "7.7"]
[White "Arjona Martinez, Santiago"]
[Black "Lakunza Oyarbide, Juan Carlos"]
[Result "1-0"]
[WhiteElo "2069"]
[BlackElo "2176"]
[PlyCount "59"]
[EventDate "2006.12.22"]
[EventType "swiss"]
[EventRounds "9"]
[EventCountry "ESP"]
[Source ""]
[SourceDate "2006.12.22"]

1. e4 e5 2. Nc3 Nf6 3. g3 Bc5 4. Bg2 Nc6 5. d3 d6 6. Nf3 h6 7. O-O Be6 8. h3
Qd7 9. Kh2 g5 10. Ng1 Nd4 11. Be3 O-O-O 12. Rb1 Bb6 13. b4 d5 14. exd5 Nxd5 15.
Nxd5 Bxd5 16. Bxd5 Qxd5 17. c4 Qd7 18. c5 Nb5 19. cxb6 axb6 20. Qc1 Kb8 21. a4
Nd6 22. a5 Qb5 23. axb6 cxb6 24. Qa3 Nc8 25. Ra1 Ne7 26. Rfc1 Nc6 27. Rxc6 Qxc6
28. Qa7+ Kc7 29. Rc1 Ra8 30. Qxb6+ 1-0

[Event "Ciudad de Pamplona Op"]
[Site "Pamplona ESP"]
[Date "2006.12.27"]
[Round "7.8"]
[White "Zamarbide Iñarrea, Daniel"]
[Black "Garcia Paolicchi, Raul"]
[Result "1-0"]
[WhiteElo "1981"]
[BlackElo "2273"]
[PlyCount "117"]
[EventDate "2006.12.22"]
[EventType "swiss"]
[EventRounds "9"]
[EventCountry "ESP"]
[Source ""]
[SourceDate "2006.12.22"]

1. e4 c5 2. Nf3 e6 3. b3 b6 4. d4 cxd4 5. Nxd4 a6 6. Bb2 Qc7 7. Bd3 Bb7 8. O-O
Nf6 9. Qe2 d6 10. f4 Nbd7 11. Nd2 e5 12. Nf5 g6 13. Ne3 Bh6 14. fxe5 dxe5 15.
Ba3 Nh5 16. Nd5 Bxd5 17. exd5 Nc5 18. Ne4 O-O 19. d6 Qa7 20. Nxc5 bxc5 21. Bc4
Bg7 22. Rad1 Nf4 23. Qf2 Rfc8 24. d7 Rd8 25. Bxc5 Qb7 26. Bd5 Qxd7 27. Bf3 Qe8
28. Bxa8 Rxa8 29. Be3 Ne6 30. Qf3 Rc8 31. c4 Nd4 32. Qb7 Nf5 33. Rde1 e4 34.
Kh1 Nxe3 35. Rxe3 f5 36. Qd5+ Kh8 37. Rfe1 Rd8 38. Qb7 Bd4 39. R3e2 Bc3 40. Rf1
a5 41. c5 Rc8 42. Qd5 Qc6 43. Qxc6 Rxc6 44. Rc2 Bb4 45. Rfc1 Kg7 46. Kg1 Kf6
47. Kf2 Ke5 48. g3 g5 49. Ke2 Ba3 50. Rd1 f4 51. Rd8 Rxc5 52. Re8+ Kf5 53.
Rxc5+ Bxc5 54. g4+ Kxg4 55. Rxe4 Kf5 56. Ra4 Bb6 57. b4 axb4 58. Rxb4 Bg1 59.
h3 1-0

[Event "Ciudad de Pamplona Op"]
[Site "Pamplona ESP"]
[Date "2006.12.27"]
[Round "7.9"]
[White "Villuendas Valero, Adrian"]
[Black "Labena Bernal, Antonio"]
[Result "1/2-1/2"]
[WhiteElo "2191"]
[BlackElo "2045"]
[PlyCount "133"]
[EventDate "2006.12.22"]
[EventType "swiss"]
[EventRounds "9"]
[EventCountry "ESP"]
[Source ""]
[SourceDate "2006.12.22"]

1. d4 d5 2. c4 e6 3. Nc3 Nf6 4. Nf3 Be7 5. Bf4 O-O 6. e3 Nbd7 7. c5 c6 8. Bd3
b6 9. b4 a5 10. a3 Ba6 11. Bxa6 Rxa6 12. b5 cxb5 13. c6 Qc8 14. c7 b4 15. Nb5
a4 16. Rc1 Ne4 17. Nd2 Nc3 18. Nxc3 bxc3 19. Rxc3 b5 20. O-O Nb6 21. Qb1 Qd7
22. Rfc1 Ra5 23. Qb2 Rfa8 24. Rc6 Nc8 25. Nf3 f6 26. Qc3 R5a6 27. Rxa6 Rxa6 28.
Ne1 Ra8 29. Nd3 Bd6 30. Bxd6 Qxd6 31. Nb4 Kf7 32. Qd3 Ra7 33. Rc6 Rxc7 34. Qxb5
Na7 35. Rxc7+ Qxc7 36. Qc5 Qxc5 37. dxc5 Nb5 38. Nd3 Ke7 39. Nb2 Nxa3 40. Nxa4
Kd7 41. Kf1 Kc6 42. Ke2 Nc4 43. h4 Ne5 44. f4 Nd7 45. g4 Nxc5 46. Nc3 Ne4 47.
Na4 Kb5 48. Nb2 Kb4 49. Nd3+ Kc3 50. Ne1 Ng3+ 51. Kf2 Ne4+ 52. Ke2 d4 53. exd4
Kxd4 54. Nc2+ Kd5 55. Ne3+ Kd6 56. Kf3 Nc3 57. g5 f5 58. Nc4+ Kd5 59. Ne5 Ne4
60. h5 Nd2+ 61. Ke2 Nc4 62. Nd7 Ke4 63. Nf8 Kxf4 64. Nxh7 Ne5 65. Nf8 Kxg5 66.
Nxe6+ Kxh5 67. Ke3 1/2-1/2

[Event "Ciudad de Pamplona Op"]
[Site "Pamplona ESP"]
[Date "2006.12.27"]
[Round "7.10"]
[White "Anguas Fanlo, Sergio"]
[Black "Viñal Gutierrez, Pedro"]
[Result "1/2-1/2"]
[WhiteElo "1903"]
[BlackElo "2191"]
[PlyCount "82"]
[EventDate "2006.12.22"]
[EventType "swiss"]
[EventRounds "9"]
[EventCountry "ESP"]
[Source ""]
[SourceDate "2006.12.22"]

1. d4 Nf6 2. Bf4 d6 3. c3 Nbd7 4. Nd2 e5 5. dxe5 dxe5 6. Bg5 Be7 7. e3 O-O 8.
Qc2 c6 9. Ngf3 Qc7 10. Ne4 Re8 11. Bd3 h6 12. Bh4 Nxe4 13. Bxe4 Bxh4 14. Nxh4
Nc5 15. Rd1 Bg4 16. f3 Be6 17. b3 Qe7 18. g3 Qg5 19. Kf2 Rad8 20. Qb1 Qf6 21.
Rhe1 g5 22. Ng2 Rxd1 23. Rxd1 h5 24. Bc2 Bd5 25. e4 Be6 26. b4 Bg4 27. bxc5
Qxf3+ 28. Kg1 Bh3 29. Rd2 Qxc3 30. Qd1 Qxc5+ 31. Kh1 Bg4 32. Qf1 Kg7 33. Bb3
Qe7 34. Ne3 f6 35. Nf5+ Bxf5 36. Qxf5 Rd8 37. Rxd8 Qxd8 38. Qe6 a5 39. Qf7+ Kh6
40. Qe6 Kg7 41. Qf7+ Kh6 1/2-1/2

[Event "Ciudad de Pamplona Op"]
[Site "Pamplona ESP"]
[Date "2006.12.28"]
[Round "8.2"]
[White "Arjona Martinez, Santiago"]
[Black "Conquest, Stuart"]
[Result "0-1"]
[WhiteElo "2069"]
[BlackElo "2549"]
[PlyCount "106"]
[EventDate "2006.12.22"]
[EventType "swiss"]
[EventRounds "9"]
[EventCountry "ESP"]
[Source ""]
[SourceDate "2006.12.22"]

1. c4 e6 2. Nc3 Bb4 3. a3 Bxc3 4. bxc3 c5 5. g3 Nc6 6. Bg2 Nge7 7. Nf3 O-O 8.
O-O d6 9. d3 Bd7 10. Ne1 Rb8 11. Rb1 Na5 12. e4 Qe8 13. f4 f5 14. Be3 b6 15.
Qe2 Bc6 16. Bf2 Qd7 17. Nf3 Rbe8 18. Rbe1 Kh8 19. Ng5 Ng8 20. exf5 exf5 21.
Bxc6 Nxc6 22. Qd1 Nf6 23. Rxe8 Rxe8 24. Re1 h6 25. Nf3 Ne7 26. h3 Kg8 27. Qb3
Qb7 28. Nd2 Rd8 29. d4 Kh8 30. d5 Qd7 31. Re6 Ng6 32. Qd1 Nf8 33. Re2 b5 34.
cxb5 Nxd5 35. Qb3 Nf6 36. c4 Qf7 37. Kg2 Ne6 38. a4 Re8 39. Re1 g5 40. fxg5
hxg5 41. Qf3 Qg6 42. Kf1 g4 43. Qh1 Qh6 44. Re2 gxh3 45. Nf3 Ng4 46. Nh4 h2 47.
Be1 Rf8 48. Bc3+ Nd4 49. Bd2 Nxe2 50. Bxh6 Nxg3+ 51. Kg2 Nxh1 52. Ng6+ Kg8 53.
Bxf8 Nhf2 0-1

[Event "Ciudad de Pamplona Op"]
[Site "Pamplona ESP"]
[Date "2006.12.28"]
[Round "8.3"]
[White "Magem Badals, Jordi"]
[Black "Oms Fuentes, Lluis"]
[Result "1/2-1/2"]
[WhiteElo "2489"]
[BlackElo "2281"]
[PlyCount "64"]
[EventDate "2006.12.22"]
[EventType "swiss"]
[EventRounds "9"]
[EventCountry "ESP"]
[Source ""]
[SourceDate "2006.12.22"]

1. e4 c5 2. Nf3 Nc6 3. d4 cxd4 4. Nxd4 Nf6 5. Nc3 e5 6. Ndb5 h6 7. f4 a6 8.
Nd6+ Bxd6 9. Qxd6 Qe7 10. fxe5 Nxe5 11. Qd4 d6 12. Bf4 Bg4 13. Bd3 O-O 14. O-O
Bd7 15. Be2 Rad8 16. Rad1 Bc6 17. a4 a5 18. b3 Rfe8 19. Rd2 Qe6 20. Nb5 Ned7
21. Nc7 Qxe4 22. Bf3 Qxd4+ 23. Rxd4 Re7 24. Bxd6 Re3 25. Bf4 Rc3 26. Bd1 Rc8
27. Nb5 Bxb5 28. axb5 b6 29. Bd2 R3c5 30. c4 a4 31. Rd6 axb3 32. Bxb3 Re5
1/2-1/2

[Event "Ciudad de Pamplona Op"]
[Site "Pamplona ESP"]
[Date "2006.12.28"]
[Round "8.4"]
[White "Barrenechea Bahamonde, Gustavo"]
[Black "Alcaide Luque, Aitor"]
[Result "1-0"]
[WhiteElo "2183"]
[BlackElo "2088"]
[PlyCount "95"]
[EventDate "2006.12.22"]
[EventType "swiss"]
[EventRounds "9"]
[EventCountry "ESP"]
[Source ""]
[SourceDate "2006.12.22"]

1. e4 e6 2. Nf3 d5 3. Nc3 d4 4. Ne2 c5 5. c3 Nc6 6. cxd4 cxd4 7. Qa4 Bc5 8. b4
Bxb4 9. Nexd4 Qa5 10. Bb5 Bd7 11. Nxc6 Qxa4 12. Bxa4 Bxc6 13. Bxc6+ bxc6 14.
Rb1 Bc5 15. d4 Bb6 16. Ba3 Nf6 17. O-O Nxe4 18. Rfe1 Nc3 19. Rbc1 Nb5 20. Bb4
Bxd4 21. Rxc6 a5 22. Bxa5 O-O 23. Bb4 Rfd8 24. Be7 Rd7 25. a4 Na7 26. Ra6 Bxf2+
27. Kxf2 Rxe7 28. Rc1 Rd8 29. Ke3 g6 30. Ne5 Rb7 31. Rc4 Rb3+ 32. Kf4 f6 33.
Rxa7 fxe5+ 34. Kg5 Rb2 35. g4 Rxh2 36. Re7 h5 37. gxh5 Rxh5+ 38. Kxg6 Rh1 39.
a5 Rf8 40. Rg4 e4 41. a6 Ra8 42. Rb7 Ra1 43. Rg7+ Kf8 44. Rf4+ Ke8 45. Rg8+ Kd7
46. Rxa8 Rg1+ 47. Kf6 e3 48. a7 1-0

[Event "Ciudad de Pamplona Op"]
[Site "Pamplona ESP"]
[Date "2006.12.28"]
[Round "8.5"]
[White "Sola Plaza, Gregorio"]
[Black "Ugalde Ezcurra, Jose Miguel"]
[Result "0-1"]
[WhiteElo "1997"]
[BlackElo "2204"]
[PlyCount "68"]
[EventDate "2006.12.22"]
[EventType "swiss"]
[EventRounds "9"]
[EventCountry "ESP"]
[Source ""]
[SourceDate "2006.12.22"]

1. c4 Nf6 2. Nf3 g6 3. Nc3 Bg7 4. e4 d6 5. d4 O-O 6. Be2 e5 7. O-O Na6 8. Be3
Ng4 9. Bg5 Qe8 10. dxe5 dxe5 11. h3 h6 12. Bc1 Nf6 13. Be3 c6 14. b4 Qe7 15. a3
Nh5 16. Qc1 Nf4 17. Rd1 Nxe2+ 18. Nxe2 Kh7 19. Nd2 f5 20. f3 f4 21. Bf2 Bf6 22.
c5 g5 23. Nc4 h5 24. Nd6 g4 25. Nxc8 Raxc8 26. Qc3 gxh3 27. gxh3 Rcd8 28. Kh2
Nc7 29. Rxd8 Rxd8 30. Ra2 Bh4 31. Qe1 Bxf2 32. Qxf2 Ne6 33. h4 Rd3 34. Kh3 Ng5+
0-1

[Event "Ciudad de Pamplona Op"]
[Site "Pamplona ESP"]
[Date "2006.12.28"]
[Round "8.6"]
[White "Arjol Etxeverria, David"]
[Black "Ros Octavio de Toledo, Eduardo"]
[Result "1/2-1/2"]
[WhiteElo "2018"]
[BlackElo "2170"]
[PlyCount "63"]
[EventDate "2006.12.22"]
[EventType "swiss"]
[EventRounds "9"]
[EventCountry "ESP"]
[Source ""]
[SourceDate "2006.12.22"]

1. e4 c5 2. Nf3 d6 3. d4 cxd4 4. Nxd4 Nf6 5. Nc3 a6 6. Be3 e5 7. Nb3 Be6 8. f3
Nbd7 9. g4 Nb6 10. g5 Nfd7 11. Qd2 Nc4 12. Bxc4 Bxc4 13. Nd5 Bxd5 14. Qxd5 Qc7
15. O-O-O Rc8 16. Qd2 Nb6 17. Bxb6 Qxb6 18. h4 h6 19. Kb1 hxg5 20. hxg5 Rxh1
21. Rxh1 g6 22. a3 Qc7 23. Rh2 Qc4 24. Nc1 d5 25. exd5 Rd8 26. Re2 Rxd5 27. Nd3
Qb5 28. Qc3 Be7 29. Qc8+ Rd8 30. Qc3 Rd5 31. Qc8+ Rd8 32. Qc3 1/2-1/2

[Event "Ciudad de Pamplona Op"]
[Site "Pamplona ESP"]
[Date "2006.12.28"]
[Round "8.7"]
[White "Cortes Lizano, Jesus"]
[Black "Zamarbide Iñarrea, Daniel"]
[Result "1-0"]
[WhiteElo "2287"]
[BlackElo "1981"]
[PlyCount "113"]
[EventDate "2006.12.22"]
[EventType "swiss"]
[EventRounds "9"]
[EventCountry "ESP"]
[Source ""]
[SourceDate "2006.12.22"]

1. c4 e5 2. Nc3 Nf6 3. g3 Bb4 4. Bg2 O-O 5. Qb3 Nc6 6. Bxc6 Bxc3 7. Bg2 Ba5 8.
Nf3 Re8 9. O-O e4 10. Ne1 d5 11. Qa3 c6 12. b4 Bc7 13. c5 Bg4 14. f3 exf3 15.
exf3 Be5 16. Bb2 Bxb2 17. Qxb2 Bf5 18. Rf2 Qe7 19. Bf1 Rad8 20. d4 Qc7 21. a4
a6 22. b5 axb5 23. axb5 Ra8 24. Rc1 Qa5 25. Ng2 Qa3 26. Nf4 Ra4 27. Rd1 Bd7 28.
bxc6 bxc6 29. Qxa3 Rxa3 30. Nd3 Rb8 31. Ne5 Be8 32. Re2 Kf8 33. Bh3 Rb4 34. Kf2
Raa4 35. Ke3 Ra3+ 36. Rd3 Rbb3 37. Red2 Rxd3+ 38. Rxd3 Ra2 39. Rd2 Rxd2 40.
Kxd2 Ke7 41. Kc3 Ng8 42. Bf5 g6 43. Bc2 Kd8 44. Ng4 Kc7 45. Kd2 Bd7 46. Ne3 Ne7
47. Ke2 f5 48. Ng2 Nc8 49. h4 Na7 50. Bd3 Nb5 51. Bxb5 cxb5 52. Nf4 Kc6 53. Nd3
Be6 54. Ke3 Kb7 55. Nb4 h6 56. Kf4 Bf7 57. Ke5 1-0

[Event "Ciudad de Pamplona Op"]
[Site "Pamplona ESP"]
[Date "2006.12.28"]
[Round "8.8"]
[White "Martinez Salas, Imanol"]
[Black "Villuendas Valero, Adrian"]
[Result "0-1"]
[WhiteElo "1868"]
[BlackElo "2191"]
[PlyCount "68"]
[EventDate "2006.12.22"]
[EventType "swiss"]
[EventRounds "9"]
[EventCountry "ESP"]
[Source ""]
[SourceDate "2006.12.22"]

1. e4 c5 2. Nf3 e6 3. c3 Nf6 4. Bd3 Nc6 5. O-O d5 6. exd5 Nxd5 7. Bc2 Be7 8. d4
cxd4 9. Nxd4 O-O 10. Nxc6 bxc6 11. Qd3 f5 12. Nd2 e5 13. Nb3 a5 14. Rd1 a4 15.
Nd2 e4 16. Qc4 Ba6 17. Qxc6 Rf6 18. Qxa4 Bd3 19. Qd4 Bxc2 20. Re1 Rfa6 21. a3
Bf6 22. Qc4 Kh8 23. Nf1 Bd3 24. Qa2 Ne7 25. Ne3 f4 26. Ng4 Ng6 27. Nxf6 Qxf6
28. Qd5 Ra5 29. Qd4 Qh4 30. Kh1 Rh5 31. h3 f3 32. Qe3 Rf8 33. a4 fxg2+ 34. Kxg2
Nf4+ 0-1

[Event "Ciudad de Pamplona Op"]
[Site "Pamplona ESP"]
[Date "2006.12.28"]
[Round "8.9"]
[White "Leranoz Zabalza, Adrian"]
[Black "Moreno Gracia, Daniel"]
[Result "1-0"]
[WhiteElo "2026"]
[BlackElo "2178"]
[PlyCount "56"]
[EventDate "2006.12.22"]
[EventType "swiss"]
[EventRounds "9"]
[EventCountry "ESP"]
[Source ""]
[SourceDate "2006.12.22"]

1. e4 c5 2. Nf3 d6 3. d4 Nf6 4. Nc3 cxd4 5. Nxd4 a6 6. Bc4 e6 7. Bb3 b5 8. f3
Be7 9. Be3 Qc7 10. Qd2 Nc6 11. g4 Na5 12. g5 Nh5 13. Nce2 Nc4 14. Bxc4 bxc4 15.
f4 Bb7 16. Nc3 g6 17. Rf1 O-O-O 18. O-O-O Rhe8 19. f5 Bf8 20. fxe6 fxe6 21.
Rxf8 Rxf8 22. Nxe6 Qf7 23. Nxf8 Qxf8 24. Nd5 Qf3 25. Qd4 Bxd5 26. exd5 Kd7 27.
Qa7+ Ke8 28. Bb6 Rd7 1-0

[Event "Ciudad de Pamplona Op"]
[Site "Pamplona ESP"]
[Date "2006.12.28"]
[Round "8.10"]
[White "Lakunza Oyarbide, Juan Carlos"]
[Black "Roviralta Montero, Axel"]
[Result "1-0"]
[WhiteElo "2176"]
[BlackElo "1939"]
[PlyCount "66"]
[EventDate "2006.12.22"]
[EventType "swiss"]
[EventRounds "9"]
[EventCountry "ESP"]
[Source ""]
[SourceDate "2006.12.22"]

1. e4 e5 2. Nf3 d6 3. Bc4 Be7 4. d4 exd4 5. Nxd4 a6 6. a4 Nf6 7. Nc3 O-O 8. O-O
c5 9. Nde2 Nc6 10. Nf4 Nd4 11. Be3 Be6 12. Nxe6 Nxe6 13. f3 Kh8 14. Kh1 Qc7 15.
Qe2 Rad8 16. Rfd1 Qc8 17. Rd2 Rd7 18. Rg1 Qd8 19. g4 Nc7 20. g5 Nh5 21. f4 g6
22. Qd1 Ne6 23. Nd5 Nhg7 24. Qg4 f5 25. gxf6 Bxf6 26. c3 Qe8 27. f5 gxf5 28.
exf5 Nxf5 29. Qxf5 Bxc3 30. Qxf8+ Qxf8 31. Nxc3 Ng7 32. Rf2 Qe8 33. Bh6 Ne6 1-0

[Event "Ciudad de Pamplona Op"]
[Site "Pamplona ESP"]
[Date "2006.12.29"]
[Round "9.1"]
[White "Strikovic, Aleksa"]
[Black "Barrenechea Bahamonde, Gustavo"]
[Result "1-0"]
[WhiteElo "2509"]
[BlackElo "2183"]
[PlyCount "73"]
[EventDate "2006.12.22"]
[EventType "swiss"]
[EventRounds "9"]
[EventCountry "ESP"]
[Source ""]
[SourceDate "2006.12.22"]

1. c4 b6 2. Nf3 Bb7 3. g3 g6 4. Bg2 Bg7 5. d4 f5 6. Nc3 Nf6 7. d5 Na6 8. O-O
O-O 9. e4 fxe4 10. Ng5 c6 11. Ngxe4 Nxe4 12. Nxe4 cxd5 13. cxd5 Nc5 14. Re1 Rf5
15. Nxc5 bxc5 16. d6 Bxg2 17. dxe7 Qe8 18. Kxg2 d5 19. g4 Rf7 20. Qxd5 Rc8 21.
Bg5 h6 22. Qd8 hxg5 23. Qxc8 Qxc8 24. e8=Q+ Qxe8 25. Rxe8+ Kh7 26. Rae1 Bxb2
27. R1e7 Kg7 28. Rxf7+ Kxf7 29. Rc8 Bd4 30. Rc7+ Ke6 31. Rxa7 Kd5 32. Kf3 c4
33. Ra5+ Bc5 34. Ke2 Kd4 35. Rxc5 Kxc5 36. Kd2 Kb5 37. h3 1-0

[Event "Ciudad de Pamplona Op"]
[Site "Pamplona ESP"]
[Date "2006.12.29"]
[Round "9.2"]
[White "Conquest, Stuart"]
[Black "Oms Fuentes, Lluis"]
[Result "1-0"]
[WhiteElo "2549"]
[BlackElo "2281"]
[PlyCount "107"]
[EventDate "2006.12.22"]
[EventType "swiss"]
[EventRounds "9"]
[EventCountry "ESP"]
[Source ""]
[SourceDate "2006.12.22"]

1. d4 d5 2. Nf3 e6 3. c4 c5 4. cxd5 exd5 5. Nc3 Nc6 6. Bf4 Nf6 7. e3 c4 8. Be2
Bb4 9. O-O Bxc3 10. bxc3 Ne4 11. Rc1 O-O 12. Nd2 Nxd2 13. Qxd2 Bf5 14. f3 b5
15. Rfe1 Re8 16. Bf1 h5 17. Kh1 Qd7 18. h3 a5 19. a3 Re7 20. Ra1 Rae8 21. Ra2
f6 22. h4 Kh8 23. Rb2 Nd8 24. Bg3 Nf7 25. Bh2 Bg6 26. Qf2 Kh7 27. Bf4 Re6 28.
Be2 Nd6 29. Bd1 Qe7 30. Bxd6 Qxd6 31. Rxb5 Qxa3 32. Rxd5 Qxc3 33. e4 Rb6 34.
Ba4 Reb8 35. Qe3 Qxe3 36. Rxe3 Rb1+ 37. Kh2 Ra1 38. Bb5 Rc8 39. Rc5 Rxc5 40.
dxc5 Rb1 41. Bd7 Rb7 42. c6 Ra7 43. Kg3 a4 44. Ra3 Kg8 45. Kf4 Kf8 46. Ke3 Be8
47. Bxe8 Kxe8 48. Kd4 Kd8 49. Kxc4 Kc7 50. Kb5 g5 51. hxg5 fxg5 52. Rd3 Kc8 53.
Kb6 Rf7 54. Rd4 1-0

[Event "Ciudad de Pamplona Op"]
[Site "Pamplona ESP"]
[Date "2006.12.29"]
[Round "9.3"]
[White "Ugalde Ezcurra, Jose Miguel"]
[Black "Magem Badals, Jordi"]
[Result "0-1"]
[WhiteElo "2204"]
[BlackElo "2489"]
[PlyCount "64"]
[EventDate "2006.12.22"]
[EventType "swiss"]
[EventRounds "9"]
[EventCountry "ESP"]
[Source ""]
[SourceDate "2006.12.22"]

1. Nf3 d6 2. g3 e5 3. Bg2 f5 4. d3 Nf6 5. c4 g6 6. Nc3 Bg7 7. O-O O-O 8. Rb1 h6
9. b4 Nc6 10. b5 Ne7 11. Nd2 g5 12. e3 Kh8 13. Nd5 Nexd5 14. cxd5 b6 15. Nc4 a6
16. a4 axb5 17. axb5 Bd7 18. f4 gxf4 19. exf4 e4 20. Bb2 Re8 21. Ne3 exd3 22.
Qxd3 Bxb5 23. Qxb5 Rxe3 24. Bh3 Ra5 25. Qc4 Rc5 26. Qd4 Qe7 27. Ra1 Ng4 28.
Ra8+ Kh7 29. Bxg4 fxg4 30. Qd1 Bxb2 31. Qb1+ Qe4 32. Qxb2 Rcc3 0-1

[Event "Ciudad de Pamplona Op"]
[Site "Pamplona ESP"]
[Date "2006.12.29"]
[Round "9.4"]
[White "Alcaide Luque, Aitor"]
[Black "Cortes Bueno, Jesus Javier"]
[Result "1-0"]
[WhiteElo "2088"]
[BlackElo "2261"]
[PlyCount "115"]
[EventDate "2006.12.22"]
[EventType "swiss"]
[EventRounds "9"]
[EventCountry "ESP"]
[Source ""]
[SourceDate "2006.12.22"]

1. d4 e6 2. e4 c5 3. d5 exd5 4. exd5 d6 5. Nc3 Nf6 6. Be2 Be7 7. Nf3 O-O 8. O-O
Re8 9. h3 a6 10. a4 h6 11. Bf4 Qb6 12. a5 Qc7 13. Nd2 Nbd7 14. Nc4 b5 15. axb6
Nxb6 16. Ra3 Bd7 17. Qd2 Bf8 18. Rfa1 Nxc4 19. Bxc4 Reb8 20. Rxa6 Rxa6 21. Rxa6
Rxb2 22. Bb3 Qb7 23. Ra1 g5 24. Bxg5 hxg5 25. Qxg5+ Bg7 26. Nd1 Rxb3 27. cxb3
Qxd5 28. Qh4 Bc6 29. Ne3 Qe4 30. Qg5 Nh7 31. Qd8+ Nf8 32. Rd1 Bh6 33. Qxd6 Bxe3
34. Qg3+ Ng6 35. fxe3 Bd5 36. h4 Kh7 37. h5 Nh4 38. Rxd5 Qxd5 39. Qxh4 Qd1+ 40.
Kh2 Qxb3 41. Qf6 Qd5 42. g4 Qd2+ 43. Kh3 Qxe3+ 44. Kh4 Qe1+ 45. Kg5 Qe3+ 46.
Kh4 Qe1+ 47. Kg5 Qd2+ 48. Kh4 Qd5 49. g5 Qe4+ 50. Kg3 Qe3+ 51. Kh4 Qe6 52. g6+
Kg8 53. Qxe6 fxe6 54. Kg5 c4 55. Kf6 c3 56. h6 c2 57. h7+ Kh8 58. Kf7 1-0

[Event "Ciudad de Pamplona Op"]
[Site "Pamplona ESP"]
[Date "2006.12.29"]
[Round "9.5"]
[White "Arjol Etxeverria, David"]
[Black "Cortes Lizano, Jesus"]
[Result "1/2-1/2"]
[WhiteElo "2018"]
[BlackElo "2287"]
[PlyCount "93"]
[EventDate "2006.12.22"]
[EventType "swiss"]
[EventRounds "9"]
[EventCountry "ESP"]
[Source ""]
[SourceDate "2006.12.22"]

1. e4 c5 2. Nf3 d6 3. d4 cxd4 4. Nxd4 Nf6 5. Nc3 a6 6. Be3 e6 7. f3 b5 8. Qd2
Nbd7 9. g4 Nb6 10. g5 Nfd7 11. f4 Bb7 12. f5 e5 13. Nb3 Rc8 14. Na5 Ba8 15. Nd5
Nxd5 16. exd5 Bxd5 17. Qxd5 Qxa5+ 18. c3 Qc7 19. Bg2 Be7 20. O-O Nb6 21. Qf3
Nc4 22. Bc1 Nb6 23. Qh5 g6 24. Qf3 d5 25. Kh1 Bc5 26. b4 Bd6 27. Be3 e4 28. Qh3
O-O 29. fxg6 hxg6 30. Rf6 Nc4 31. Bd4 Be5 32. Raf1 Bxd4 33. cxd4 Nd2 34. Rg1
Qa7 35. Qh6 Qxd4 36. Rd1 Qb2 37. h4 Nf3 38. h5 Ne5 39. hxg6 Nxg6 40. Rdf1 Qe5
41. Bh3 e3 42. Bxc8 Qe4+ 43. Kg1 Rxc8 44. Rxf7 Qg4+ 45. Kh1 Qe4+ 46. Kg1 Qg4+
47. Kh1 1/2-1/2